European Union : Publication of Financial Sector Assessment Program Documentation-Technical Note on European Banking Authority.

This report is an overview of the performance of the European Banking Authority (EBA) against its mandates, given economic conditions prevailing in the banking sector in the European Union (EU). Banks remain a key contributor to the EU financial and professional services industry. Outlook for the se...

Täydet tiedot

Bibliografiset tiedot
Yhteisötekijä: International Monetary Fund. Monetary and Capital Markets Department
Aineistotyyppi: Aikakauslehti
Kieli:English
Julkaistu: Washington, D.C. : International Monetary Fund, 2013.
Sarja:IMF Staff Country Reports; Country Report ; No. 2013/074
Linkit:Full text available on IMF
LEADER 01715cas a2200241 a 4500
001 AALejournalIMF013443
008 230101c9999 xx r poo 0 0eng d
020 |c 5.00 USD 
020 |z 9781475533781 
022 |a 1934-7685 
040 |a BD-DhAAL  |c BD-DhAAL 
110 2 |a International Monetary Fund.  |b Monetary and Capital Markets Department. 
245 1 0 |a European Union :   |b Publication of Financial Sector Assessment Program Documentation-Technical Note on European Banking Authority. 
264 1 |a Washington, D.C. :  |b International Monetary Fund,  |c 2013. 
300 |a 1 online resource (23 pages) 
490 1 |a IMF Staff Country Reports 
500 |a <strong>Off-Campus Access:</strong> No User ID or Password Required 
500 |a <strong>On-Campus Access:</strong> No User ID or Password Required 
506 |a Electronic access restricted to authorized BRAC University faculty, staff and students 
520 3 |a This report is an overview of the performance of the European Banking Authority (EBA) against its mandates, given economic conditions prevailing in the banking sector in the European Union (EU). Banks remain a key contributor to the EU financial and professional services industry. Outlook for the sector remains challenging as asset quality has been deteriorating. Priority should be given to increasing its supervisory convergence and quality assurance tasks; regulatory and supervisory actions; and strengthening transparency and the reliability of data. 
538 |a Mode of access: Internet 
830 0 |a IMF Staff Country Reports; Country Report ;  |v No. 2013/074 
856 4 0 |z Full text available on IMF  |u http://elibrary.imf.org/view/journals/002/2013/074/002.2013.issue-074-en.xml  |z IMF e-Library